Schnellste Achterbahnen Asiens - Karten Quiz - Statistiken

Allgemein
  • Dieses Quiz wurde 11 mal gespielt
  • Das Durchschnittsergebnis liegt bei 3 aus 30
Antworten auf der Karte
Die Antworten werden auf der Karte rot bzw. grün angezeigt, abhängig davon wie oft sie richtig erraten wurden.
 
Antwortstatistiken
Antwort % Korrekt
Formula Rossa
57%
Steel Dragon 2000
43%
Coaster Through the Clouds
29%
EpiQ Coaster
29%
Battlestar Galactica
14%
Boomerang
14%
Hot Wheels Nitro
14%
Hyper Coaster
14%
Skate
14%
Supersonic Odyssey
14%
T Express
14%
Wrath of Zeus
14%
Blu Power
0%
Bug Coaster
0%
Bumerang
0%
Death Rail
0%
Inertia Airplane Car
0%
Kumba
0%
Racing Coaster
0%
Roller Coaster (Dolphin de Luxe Hotel)
0%
Roller Coaster (Funtazmo)
0%
Roller Coaster (Jamuna Future Park)
0%
Roller Coaster (Natural World Amusement Park)
0%
Roller Coaster (Park Khayyam)
0%
Rolling Hills
0%
Screaming Condor
0%
Shahdag Coaster
0%
Sky Loop
0%
Spinning Coaster
0%
Zimerman
0%
Keine übereinstimmenden Quizze gefunden
Verteilung der Resultate
Anzahl Personen mit jedem Resultat
Perzentil nach korrekt beantworteten Fragen
Ihre Resultats-Entwicklung
Sie haben dieses Quiz noch nicht gespielt